| 000 | 01175nam0a22002771 4500 | ||
|---|---|---|---|
| 001 | rc\1643695 | ||
| 005 | 20260406130550.0 | ||
| 035 | _a(NLR Aleph) 005287801 | ||
| 090 |
_a6160479 _c6160479 |
||
| 100 | _a20061002d1886 |||y0rusy50 ca | ||
| 101 | 0 | _arus | |
| 102 | _aRU | ||
| 105 | _ay z ||||| | ||
| 200 | 1 |
_aНемножко философии _eСофизмы и парадоксы по поводу религиозно-филос. произведений гр. Л.Н. Толстого _fО.К. Нотович (Маркиз О'Квич [псевд.]) |
|
| 205 | _a2-е изд. | ||
| 210 |
_aСанкт-Петербург _cтип. газ. "Новости" _d1886 |
||
| 215 |
_a168 с. _d21 |
||
| 700 | 1 |
_8rus _7ca _aНотович _bО. К. _f1849-1914 _gОсип Константинович _3RU\NLR\AUTH\7759115 _942047 |
|
| 702 | 1 |
_4570 _8rus _7ca _aТолстой _bЛ. Н. _f1828-1910 _gЛев Николаевич _3RU\NLR\AUTH\771515 _9111537 |
|
| 801 | 0 |
_aRU _bNLR _c20061002 _gpsbo |
|
| 801 | 0 |
_aRU _bRuMoRGB _c20061002 _2psbo |
|
| 801 | 1 |
_aRU _bProSoft-M _c20061002 _2rusmarc |
|
| 801 | 2 |
_aRU _bNLR _c20130903 _2rusmarc |
|
| 852 |
_aNLR _j18.169.5.40 |
||
| 942 | _cBOOK | ||
| 980 | _aNB | ||